000 00294nam a22001337a 4500
008 170302b xxu||||| |||| 00| 0 eng d
020 _a9780697063830
041 _aeng
080 _23 ED
_a575
100 _a6
101 _aSHM
245 _aPRINCIPLES OF GENETICS
_cTAMARIN.R
942 _2udc
_cBK
999 _c6579
_d6579